Análisis de coyuntura económica: métodos aplicados en América Latina
Saved in:
| Main Authors: | , |
|---|---|
| Format: | Bog |
| Sprog: | spansk |
| Udgivet: |
Bogotá
CIEPLAN
1995
|
| Serier: | Economía
|
| Fag: | |
| Tags: |
Tilføj Tag
Ingen Tags, Vær først til at tagge denne postø!
|
MARC
| LEADER | 00000nam a2200000 a 4500 | ||
|---|---|---|---|
| 001 | UCZ7439 | ||
| 003 | CL-VaPUC | ||
| 008 | 960105e19950000CK |||||||||||||||||spa|d | ||
| 082 | 0 | 4 | |a 330.98 |b LOR |2 21 |
| 100 | |a Lora, Eduardo |e autor |9 484329 | ||
| 700 | 0 | |a Vial, Joaquín |e author |9 352322 | |
| 245 | 1 | 0 | |a Análisis de coyuntura económica: métodos aplicados en América Latina |
| 300 | |a 335 p | ||
| 942 | |c BK | ||
| 945 | |d 19960105 00:00:00 |a rleighto | ||
| 260 | |a Bogotá |b CIEPLAN |c 1995 | ||
| 650 | 0 | |a Economía |9 255568 | |
| 650 | 0 | |a Macroeconomía |9 260301 | |
| 650 | 0 | |a Análisis económico |9 259939 | |
| 650 | 7 | |a NODELOS ECONOMICOS |2 CL-VaPUC |9 352323 | |
| 650 | 7 | |a MERCADO DEL TRABAJO |2 CL-VaPUC |9 341787 | |
| 650 | 0 | |a Balanza de pagos |9 316476 | |
| 650 | 7 | |a SISTEMAS MONETARIOS INTERNACIONALES |2 CL-VaPUC |9 351627 | |
| 651 | 0 | |a América Latina |9 255027 | |
| 583 | |a last modification |c 19960105 00:00:00 |k Rodrigo Vera | ||
| 490 | 0 | |a Economía | |
| 999 | |c 243516 |d 243514 | ||
| 952 | |0 0 |1 0 |4 0 |6 330_980000000000000_LOR_1995 |7 0 |8 P |9 257181 |a BIBENE |b BIBENE |d 2019-11-19 |i 3168530 |o 330.98 LOR 1995 |p 3168530 |r 2025-01-15 |w 2019-11-19 |y BK |k ICO | ||
| 952 | |0 0 |1 0 |4 0 |6 330_980000000000000_LOR_1995 |7 0 |8 A |9 257182 |a BIBING |b BIBING |d 2019-11-19 |i 3164713 |o 330.98 LOR 1995 |p 3164713 |r 2025-01-20 |w 2019-11-19 |y BK |k EII | ||